General view of the agriculture of the county of Sutherland ... Drawn up for the consideration of the Board of Agriculture (Record no. 113836)

MARC details
000 -LEADER
fixed length control field 00661cam a22001935a 4500
001 - CONTROL NUMBER
control field L155804
008 - FIXED-LENGTH DATA ELEMENTS--GENERAL INFORMATION
fixed length control field 120417s1815 xxk f 000 0 eng d
035 ## - SYSTEM CONTROL NUMBER
System control number (Sirsi) u155804
041 0# - LANGUAGE CODE
Language code of text/sound track or separate title eng
100 1# - MAIN ENTRY--PERSONAL NAME
Personal name Henderson, John
Titles and words associated with a name Capt
245 00 - TITLE STATEMENT
Title General view of the agriculture of the county of Sutherland ... Drawn up for the consideration of the Board of Agriculture
260 ## - PUBLICATION, DISTRIBUTION, ETC.
Place of publication, distribution, etc. London
Name of publisher, distributor, etc. Sherwood, Neely, & Jones
Date of publication, distribution, etc. 1815
300 ## - PHYSICAL DESCRIPTION
Extent xi, 238 p., [2] leaves
Other physical details folded map, plates
Dimensions 8o
583 ## - ACTION NOTE
Action Condition reviewed
Time/date of action 20120620
Status condition level 3
651 #4 - SUBJECT ADDED ENTRY--GEOGRAPHIC NAME
Geographic name Great Britain
Chronological subdivision 1707-
690 ## - LOCAL SUBJECT ADDED ENTRY--TOPICAL TERM (OCLC, RLIN)
Topical term or geographic name as entry element Rural
9 (RLIN) 6268
710 1# - ADDED ENTRY--CORPORATE NAME
Corporate name or jurisdiction name as entry element Board of Agriculture
942 ## - ADDED ENTRY ELEMENTS (KOHA)
Suppress in OPAC 0
Holdings
Withdrawn status Lost status Damaged status Not for loan Home library Current library Shelving location Date acquired Total Checkouts Full call number Barcode Date last seen Copy number Price effective from Koha item type
        Historic collection Historic collection Historic collection 17/04/2012   PRICE OCTAVO 1815 HENDERSON 30077838 20/08/2025 1 06/08/2019 Book